ARRUPE JESUIT UNIVERSITY

CORONAVIRUS -STOP THE SPREAD - CLEAN,DISINFECT,COVER

Salvation in African tradition / (Record no. 126626)

MARC details
000 -LEADER
fixed length control field 00589nam a22001817a 4500
001 - CONTROL NUMBER
control field 1859133
003 - CONTROL NUMBER IDENTIFIER
control field ARRUPE
005 - DATE AND TIME OF LATEST TRANSACTION
control field 20170810114355.0
008 - FIXED-LENGTH DATA ELEMENTS--GENERAL INFORMATION
fixed length control field 810831|1979 ||| 000 0 eng
010 ## - LIBRARY OF CONGRESS CONTROL NUMBER
LC control number 81980019
040 ## - CATALOGING SOURCE
Original cataloging agency DLC
Transcribing agency DLC
Modifying agency DLC
050 00 - LIBRARY OF CONGRESS CALL NUMBER
Classification number MLCS 81/1532
100 1# - MAIN ENTRY--PERSONAL NAME
Personal name Adeyemo, Tokunboh.
9 (RLIN) 34697
245 10 - TITLE STATEMENT
Title Salvation in African tradition /
Statement of responsibility, etc Tokunboh Adeyemo.
260 ## - PUBLICATION, DISTRIBUTION, ETC. (IMPRINT)
Place of publication, distribution, etc Nairobi, Kenya (PO Box 28963, Nairobi) :
Name of publisher, distributor, etc Evangel Pub. House,
Date of publication, distribution, etc c1979.
300 ## - PHYSICAL DESCRIPTION
Extent 112 p. : ill. ; 22 cm.
650 ## - SUBJECT ADDED ENTRY--TOPICAL TERM
Topical term or geographic name as entry element Theology, Doctrinal
Geographic subdivision Africa
9 (RLIN) 8574
906 ## - LOCAL DATA ELEMENT F, LDF (RLIN)
a 7
b cbc
c orignew
d 4
e ncip
f 19
g y-gencatlg
942 ## - ADDED ENTRY ELEMENTS (KOHA)
Source of classification or shelving scheme Library of Congress Classification
Koha item type Monograph ( Printed materials)
Holdings
Withdrawn status Lost status Source of classification or shelving scheme Damaged status Not for loan Collection code Home library Current library Shelving location Date acquired Total Checkouts Full call number Barcode Date last seen Date checked out Price effective from Koha item type
    Library of Congress Classification     Main Collection ARRUPE LIBRARY ARRUPE LIBRARY Main Collection 10/08/2017 7 BT30.A4 A233 46500024888 20/01/2026 02/10/2025 10/08/2017 Monograph ( Printed materials)

 

Arrupe Library. PO Box MP320 Mt Pleasant, Harare, Zimbabwe
263 242 745411|librarian@aju.ac.zw